| 000 | 01002nam a22002654a 4500 | ||
|---|---|---|---|
| 005 | 20080319083112.0 | ||
| 008 | 071026s2008 maua 001 0 eng | ||
| 010 | _aENG-91238 | ||
| 020 |
_a9780070221635 _c325.00 |
||
| 020 | _a0070221634 | ||
| 035 | _aEN-74771 | ||
| 037 | _bDBAD / PUB | ||
| 040 |
_adpl _bEnglish |
||
| 082 | _a658.7 | ||
| 100 | _aRangaraj, Narayan | ||
| 245 |
_aSupply chain management for competitive advantage: _cby Narayan Rangaraj, G. Raghuram [and] Mandyam M. Srinivasan _bconcepts & cases / |
||
| 260 |
_aNew Delhi _bTata McGraw-Hill Publishing _c2009 |
||
| 300 |
_axiv, 535 p. _c24 cm (pbk) |
||
| 500 | _aIncludes index. | ||
| 650 |
_aBusiness logistics _xManagement. |
||
| 700 | _aRaghuram, G. | ||
| 700 | _aSrinivasan, Mandyam M. | ||
| 942 |
_2ddc _cEN _h658.7 _mRAN |
||
| 999 |
_c16421 _d16421 |
||